Six Weeks to words of Power (Record no. 4229)

MARC details
000 -LEADER
fixed length control field 00351nam a22001577a 4500
005 - DATE AND TIME OF LATEST TRANSACTION
control field 20240412152729.0
008 - FIXED-LENGTH DATA ELEMENTS--GENERAL INFORMATION
fixed length control field 160627b xxu||||| |||| 00| 0 eng d
041 ## - LANGUAGE CODE
Language code of text/sound track or separate title eng
082 ## - DEWEY DECIMAL CLASSIFICATION NUMBER
Item number 10466
100 ## - MAIN ENTRY--AUTHOR NAME
Personal name Funk, Wilfred
245 ## - TITLE STATEMENT
Title Six Weeks to words of Power
260 ## - PUBLICATION, DISTRIBUTION, ETC. (IMPRINT)
Name of publisher Benny
Year of publication 2004
300 ## - PHYSICAL DESCRIPTION
Number of Pages 265
650 ## - SUBJECT ADDED ENTRY--TOPICAL TERM
Topical Term Management
942 ## - ADDED ENTRY ELEMENTS (KOHA)
Koha item type Books
Holdings
Lost status Damaged status Collection code Home library Current library Shelving location Date acquired Cost, normal purchase price Full call number Accession Number Koha item type
    LIFE SKILL JRU Library JRU Library SHELF-102-J 27/06/2016 90.00 428.1 10466 Books